Gramatiko de la ĉeĥa lingvo /

Hlavní autor: Malovec, Miroslav, 1953-
Jazyk: Esperanto
Čeština
Vydáno: Dobřichovice : KAVA-PECH, 1995
Témata:
Fyzický popis: 27 stran ; 17 cm
Knihy
Uloženo v:
LEADER 01356nam a2200397 i 4500
001 000035052
003 CZ BrMZK
005 20251014082215.0
007 ta
008 950407s1995 xr g f 000 0 epo
020 |a 80-85853-17-5 
040 |a BOA001  |b cze  |e rda 
041 0 |a epo  |a cze 
072 7 |a 811.162.3  |x Čeština  |2 Konspekt  |9 11 
080 |a 811.162.3  |2 MRF 
080 |a 81'36  |2 MRF 
080 |a (035)  |2 MRF 
100 1 |a Malovec, Miroslav,  |d 1953-  |7 jn99240000661  |4 aut 
245 1 0 |a Gramatiko de la ĉeĥa lingvo /  |c Miroslav Malovec 
264 1 |a Dobřichovice :  |b KAVA-PECH,  |c 1995 
300 |a 27 stran ;  |c 17 cm 
336 |a text  |b txt  |2 rdacontent 
337 |a bez média  |b n  |2 rdamedia 
338 |a svazek  |b nc  |2 rdacarrier 
500 |a 300 výtisků 
650 0 7 |a čeština  |7 ph135292  |2 czenas 
650 0 7 |a mluvnice  |7 ph115331  |2 czenas 
650 0 9 |a Czech language  |2 eczenas 
650 0 9 |a grammar  |2 eczenas 
655 7 |a příručky  |7 fd133209  |2 czenas 
655 9 |a handbooks and manuals  |2 eczenas 
910 |a BOA001  |b PK-A-0020.832  |b ESP1-1540.980 
990 |a BK 
991 |b 202510 
996 6 |b 2611013886  |c ESP1-1540.980  |l Stud. periodik/2.patro  |r DEP / do 15 dnů  |n 0  |p dar  |h H309/1  |w 000035052  |u 000020  |a 240  |e BOA001  |j MZK50  |s P 
996 7 |b 3119001513  |c PK-A-0020.832  |l MZK  |r Sklad / do 1 hodiny  |n 0  |p vým  |w 000035052  |u 000010  |a 1  |e BOA001  |j MZK50  |s A